| 000 | 00659nam a2200181 a 4500 | ||
|---|---|---|---|
| 001 | 000030625 | ||
| 005 | 20200930062421.0 | ||
| 008 | 110525s2008 dr cd 000 0 spa d | ||
| 040 |
_aDO-SdBNP _bspa _cBNPHU |
||
| 082 |
_axxxx _bO48r |
||
| 100 | 1 |
_aOlivares, Mirta _957209 |
|
| 245 | 1 | 0 |
_aResponsanbilidad social empresarial en la República Dominicana / _cMirta Olivares; presentación Regla Brito de Vargas, Addys Then Marte. |
| 260 |
_aSanto Domingo/ : _bAlinza ONG: _bW.K. Kellogg Foundation, _c2008. |
||
| 300 |
_aviii, 111 p. : _bgráf., retr. ; _c27 cm. |
||
| 700 | 1 | 2 |
_aBrito de Vargas, Regla _957210 |
| 700 | 1 | 2 |
_aThen Marte, Addys _957211 |
| 049 | _aBNPD | ||
| 999 |
_c30117 _d30117 |
||